| 000 | 01069nam a2200289Ia 4500 | ||
|---|---|---|---|
| 001 | ebr5003066 | ||
| 003 | CaPaEBR | ||
| 006 | m u | ||
| 007 | cr cn||||||||| | ||
| 008 | 010308s2001 azua s 000 0 eng d | ||
| 020 | _z1576108694 | ||
| 040 |
_aCaPaEBR _cCaPaEBR |
||
| 035 | _a(OCoLC)49701402 | ||
| 050 | 1 | 4 |
_aTR897.7 _b.M39 2001eb |
| 100 | 1 | _aMcFarland, Jon. | |
| 245 | 1 | 0 |
_a3ds max 4 in depth _h[electronic resource] / _cJon McFarland, Rob Polevoi. |
| 260 |
_aScottsdale, AZ : _bCoriolis Group Books, _c2001. |
||
| 300 |
_axxvi, 724 p. : _bill. |
||
| 533 |
_aElectronic reproduction. _bPalo Alto, Calif. : _cebrary, _d2013. _nAvailable via World Wide Web. _nAccess may be limited to ebrary affiliated libraries. |
||
| 630 | 0 | 0 | _a3ds max (Computer file) |
| 650 | 0 | _aComputer animation. | |
| 650 | 0 | _aComputer graphics. | |
| 655 | 7 |
_aElectronic books. _2local |
|
| 700 | 1 | _aPolevoi, Rob. | |
| 710 | 2 | _aebrary, Inc. | |
| 856 | 4 | 0 |
_uhttp://site.ebrary.com/lib/rucke/Doc?id=5003066 _zAn electronic book accessible through the World Wide Web; click to view |
| 999 |
_c1784 _d1784 |
||